| 000 | 00793nam a2200217Ia 4500 | ||
|---|---|---|---|
| 001 | 575 | ||
| 003 | GE_BSU | ||
| 008 | 181216s||||||||xx |||||||||||||| ||und|| | ||
| 040 | _cGE_BSU | ||
| 080 | _a338.47(075.8) | ||
| 100 | _aზუბიაშვილი,მ;კანკაძე,ჯ. | ||
| 245 | _aსაავტომობილო ტრანსპორტის ეკონომიკა. | ||
| 245 | _bდამხმარე სახელმძღვანელო | ||
| 260 | _aთბილისი | ||
| 260 | _bსაქ–ს ტექნიკური უნ–ტი | ||
| 260 | _c1998 | ||
| 300 | _a144გვ. | ||
| 541 | _h5ლ. | ||
| 653 | _aსაავტომობილო ტრანსპორტის ეკონომიკა. | ||
| 942 | _cBK | ||
| 999 |
_c34766 _d34766 |
||